El camino hacia la libertad financiera

שמור ב:
מידע ביבליוגרפי
מחבר ראשי: Schäfer, Bodo (Author)
פורמט: ספר
שפה:ספרדית
יצא לאור: Barcelona Ediciones B 2014
מהדורה:1a. ed
נושאים:
תגים: הוספת תג
אין תגיות, היה/י הראשונ/ה לתייג את הרשומה!

MARC

LEADER 00000cam a2200000 a 4500
001 UCE7680
003 CL-VaPUC
008 150626e20140000sp |||||||||||||||||spa|d
020 |a 9788466654586 
082 0 4 |a 658  |b SCH  |2 21 
100 0 |a Schäfer, Bodo  |e author  |9 580365 
245 1 3 |a El camino hacia la libertad financiera 
250 |a 1a. ed 
300 |a 324 p 
942 |c BK 
945 |d 20150626 15:30:00  |a gsalatino 
260 |a Barcelona  |b Ediciones B  |c 2014 
650 7 |a FINANZAS ADMINISTRACION  |2 CL-VaPUC  |9 306205 
650 7 |a FINANZAS TOMA DE DECISIONES  |2 CL-VaPUC  |9 325916 
583 |a last modification  |c 20150626 15:30:00  |k Rodrigo Vera 
999 |c 359728  |d 359726 
952 |0 0  |1 0  |3 erb  |4 0  |6 658_000000000000000_SCH_2014  |7 0  |8 A  |9 469249  |a BIBENE  |b BIBENE  |i 5164516  |l 5  |m 4  |o 658 SCH 2014  |p 5164516  |r 2025-04-23  |s 2025-04-09  |w 2019-11-23  |y BK  |z Catalogado en:20150626  |k ICO